The Literature Challenge #1 - Statistics

General Stats
  • This quiz has been taken 866 times
  • The average score is 2 of 15
Answer Stats
Here Are Your Hints Answer % Correct
"Neptune's Great Sea", Scotland, Dagger, Blood Stain Macbeth
65%
Our Mutual Friend, Scrooge, Bleak Charles Dickens
59%
Atonement, Black Dogs, The Child In Time Ian McEwan
22%
"Land is the only thing that lasts" Gone With The Wind
19%
Nick and Amy, Missing, Psycopath Gone Girl
14%
The Valley Of Decision, Frome, Ellen Olenska Edith Wharton
9%
Governess, Reality or Madness, Children The Turn Of The Screw
9%
Hat, Sabina, Czech Republic, Weight The Unbearable Lightness Of Being
8%
Buddy Willard, Suicide, Fig Tree, New York The Bell Jar
7%
A Beautiful Lady, Keats La Belle Dame Sans Merci
4%
Booth Tarkington, Family Saga, Magnificence The Magnificent Ambersons
4%
"I Peel Labels", "Truth and Illusion", "What a Dump" Who's Afraid Of Virginia Woolf
4%
Puccini, Suzuki, Yamadori Madama Butterfly
3%
Gloria and Anthony Patch, Alcoholism, Avarice The Beautiful and Damned
2%
Morphine, Alcohol, Fighting Long Day's Journey Into Night
1%
No matching quizzes found
Score Distribution
Percent of People with Each Score
Percentile by Number Answered
Your Score History
You have not taken this quiz